000 00600nam a2200229Ia 4500
003 OSt
005 20221007063536.0
006 a|||||r|||| 00| 0
007 ta
008 221006b |||||||| |||| 00| 0 eng d
024 _a17,303
037 _cTextual
040 _aFLL
_cFLL
_beng
041 _2eng
_aeng
082 _aXM55:Z2, G4
100 _aRustomji K.J. Au.
_9684452
245 0 _aCompany law
260 _aCalcutta
_bButterworths and co. ltd. India
_c1934
300 _a856p
_ccm.
942 _hXM55:Z2, G4
_cTEXL
_2CC
999 _c1131503
_d1131503